Tóm tắt hóa học phổ thông Dùng cho các học sinh dự thi vào các trường Đại học và Cao đẳng theo chương trình cải cách của bộ Giáo dục
Nguyên tử; phân tử, nguyên tố, chất hóa học...
Spremljeno u:
| Glavni autor: | |
|---|---|
| Daljnji autori: | , , , |
| Format: | Knjiga |
| Jezik: | Vietnamese |
| Izdano: |
H.
Khoa học và kĩ thuật
1996
|
| Izdanje: | In lần thứ 2, có chỉnh sửa và bổ sung |
| Teme: | |
| Oznake: |
Dodaj oznaku
Bez oznaka, Budi prvi tko označuje ovaj zapis!
|
| Thư viện lưu trữ: | Mạng thư viện Đại học Đà Nẵng |
|---|
| LEADER | 01560nam a2200421 4500 | ||
|---|---|---|---|
| 001 | 000008695 | ||
| 003 | 4887 | ||
| 005 | 20120314090301.0 | ||
| 008 | 111019s1996 viesd | ||
| 020 | |c 19000đ | ||
| 041 | 0 | |a vie | |
| 082 | |a 540 |b NG-C | ||
| 100 | 0 | |a Nguyễn Đình Chi |e Tác giả | |
| 245 | 0 | |a Tóm tắt hóa học phổ thông |b Dùng cho các học sinh dự thi vào các trường Đại học và Cao đẳng theo chương trình cải cách của bộ Giáo dục |c Nguyễn Đình Chi | |
| 250 | |a In lần thứ 2, có chỉnh sửa và bổ sung | ||
| 260 | |a H. |b Khoa học và kĩ thuật |c 1996 | ||
| 300 | |a 444tr |c 21cm | ||
| 504 | |a Mục lục tr 441 | ||
| 520 | |a Nguyên tử; phân tử, nguyên tố, chất hóa học... | ||
| 653 | |a Giáo trình | ||
| 653 | |a Tóm tắt | ||
| 653 | |a Hóa học | ||
| 653 | |a Phổ thông | ||
| 700 | |a Tô Đăng Hải |e Chịu trách nhiệm xuất bản | ||
| 700 | |a Nguyễn Kim Anh |e Biên tập | ||
| 700 | |a Hương Giang |e Sửa bản in | ||
| 700 | |a Hương Lan |e Vẽ bìa | ||
| 910 | |a Thương |d 19/10/2011 | ||
| OWN | |a LSP | ||
| AVA | |a UDN50 |b LSP |d 540 NG-C |e available |t Error 5001 Not defined in file expand_doc_bib_avail. |f 3 |g 0 |h N |i 0 |k 1 | ||
| 999 | |a From the UDN01 | ||
| AVA | |a UDN50 |b LSP |d 540 NG-C |e available |t Error 5001 Not defined in file expand_doc_bib_avail. |f 3 |g 0 |h N |i 0 |k 1 | ||
| TYP | |a Monograph | ||
| TYP | |a Printed language | ||
| 980 | |a Mạng thư viện Đại học Đà Nẵng | ||